Welcome to CU Library Online Public Access Catalogue (OPAC)

Eerdmans commentary on the Bible / (Record no. 5236)

MARC details
000 -LEADER
fixed length control field 01126cam a22003014a 4500
001 - CONTROL NUMBER
control field 13337285
003 - CONTROL NUMBER IDENTIFIER
control field OSt
005 - DATE AND TIME OF LATEST TRANSACTION
control field 20250326194810.0
008 - FIXED-LENGTH DATA ELEMENTS--GENERAL INFORMATION
fixed length control field 030909s2003 miub b 001 0 eng
010 ## - LIBRARY OF CONGRESS CONTROL NUMBER
LC control number 2003049524
020 ## - INTERNATIONAL STANDARD BOOK NUMBER
International Standard Book Number 0802837115 (hardcover : alk. paper)
040 ## - CATALOGING SOURCE
Original cataloging agency DLC
Transcribing agency DLC
Modifying agency DLC
042 ## - AUTHENTICATION CODE
Authentication code pcc
050 00 - LIBRARY OF CONGRESS CALL NUMBER
Classification number BS491.3
Item number .E37 2003
082 00 - DEWEY DECIMAL CLASSIFICATION NUMBER
Classification number 220.7
Edition information 22
245 00 - TITLE STATEMENT
Title Eerdmans commentary on the Bible /
Statement of responsibility, etc. James D.G. Dunn, general editor ; John W. Rogerson, editor of the Old Testament and Apocrypha.
246 3# - VARYING FORM OF TITLE
Title proper/short title Commentary on the Bible
260 ## - PUBLICATION, DISTRIBUTION, ETC.
Place of publication, distribution, etc. Grand Rapids, MI :
Name of publisher, distributor, etc. W.B. Eerdmans,
Date of publication, distribution, etc. 2003.
300 ## - PHYSICAL DESCRIPTION
Extent xx, 1629 p. :
Other physical details maps ;
Dimensions 27 cm.
500 ## - GENERAL NOTE
General note Maps on lining papers.
504 ## - BIBLIOGRAPHY, ETC. NOTE
Bibliography, etc. note Includes bibliographical references and index.
630 00 - SUBJECT ADDED ENTRY--UNIFORM TITLE
Uniform title Bible
Form subdivision Commentaries.
700 1# - ADDED ENTRY--PERSONAL NAME
Personal name Dunn, James D. G.,
Dates associated with a name 1939-
700 1# - ADDED ENTRY--PERSONAL NAME
Personal name Rogerson, J. W.
Fuller form of name (John William),
Dates associated with a name 1935-
906 ## - LOCAL DATA ELEMENT F, LDF (RLIN)
a 7
b cbc
c orignew
d 1
e ocip
f 20
g y-gencatlg
942 ## - ADDED ENTRY ELEMENTS (KOHA)
Source of classification or shelving scheme Library of Congress Classification
Koha item type Books
Suppress in OPAC No
Holdings
Withdrawn status Lost status Source of classification or shelving scheme Damaged status Not for loan Collection Home library Current library Shelving location Date acquired Total checkouts Full call number Barcode Date last seen Copy number Price effective from Koha item type
    Library of Congress Classification     Non-fiction Business Library (Miotso) Business Library (Miotso) General stacks 03/26/2025   BS 491.3 EER BSSM00001628 03/26/2025 1 03/26/2025 Books
    Library of Congress Classification     Non-fiction Business Library (Miotso) Business Library (Miotso) General stacks 03/26/2025   BS 491.3 EER BSSM00001629 03/26/2025 2 03/26/2025 Books
© 2023-2024 Copyright: Central University Libraries. All Rights Reserved | Created by: Mahone Tech Office